|
|
|
|
| LEADER |
01274nam a2200373 a 4500 |
| 001 |
nkc20061660701 |
| 003 |
CZ PrNK |
| 005 |
20061005104520.0 |
| 007 |
ta |
| 008 |
060621s2006 xr a e f 001 0 cze |
| 015 |
|
|
|a cnb001660701
|
| 020 |
|
|
|a 80-86682-18-8
|q (váz.)
|
| 035 |
|
|
|a (OCoLC)53265180
|
| 040 |
|
|
|a OLA001
|b cze
|d ABA001
|
| 072 |
|
7 |
|a 58
|x Botanika
|2 Konspekt
|9 2
|
| 080 |
|
|
|a 582.282/.284
|2 MRF
|
| 080 |
|
|
|a (084.42)
|2 MRF
|
| 100 |
1 |
|
|a Erhart, Josef,
|d 1923-2009
|7 jn19981000994
|4 aut
|4 pht
|
| 245 |
1 |
0 |
|a Houbařský atlas :
|b 380 druhů jedlých a jedovatých hub /
|c Josef a Marie Erhartovi
|
| 250 |
|
|
|a Vyd. 4.
|
| 260 |
|
|
|a Český Těšín :
|b FINIDR,
|c [2006?]
|
| 300 |
|
|
|a 380, [10] s. :
|b barev. il. ;
|c 22 cm
|
| 500 |
|
|
|a Obálkový podnázev: 425 fotografií jedlých a jedovatých hub
|
| 504 |
|
|
|a Obsahuje bibliografii a rejstříky
|
| 650 |
0 |
7 |
|a houby
|7 ph114706
|2 czenas
|
| 650 |
0 |
9 |
|a mushrooms
|2 eczenas
|
| 655 |
|
7 |
|a atlasy
|7 fd131835
|2 czenas
|
| 655 |
|
9 |
|a atlases
|2 eczenas
|
| 700 |
1 |
|
|a Erhartová, Marie,
|d 1937-
|7 jo20000080541
|4 aut
|4 pht
|
| 910 |
2 |
|
|a BOA001
|b 2-1171.983
|
| 990 |
|
|
|a BK
|
| 995 |
|
|
|a 01
|
| 991 |
|
|
|b 200608
|c NOV
|
| 996 |
6 |
|
|b 2610286437
|c 2-1171.983
|l MZK
|r Sklad / do 1 hodiny
|n 0
|p p.v.
|w 000822609
|u 000010
|a 1
|e BOA001
|j MZK50
|s P
|